01467 a2200241 4500003000500000005001700005010001600022020001500038040000900053082001600062100002200078245010300100250001200203260003100215300003400246440006100280505055300341650002500894650003500919856010400954856008801058856007901146Nust20230819100355.0 a 89029716 q047152221X cNust00a519.538,COR1 aCornell, John A.,10aExperiments with mixtures :bdesigns, models, and the analysis of mixture data /cJohn A. Cornell. a2nd ed. aNew York :bWiley,cc1990. axix, 632 p. :bill. ;c24 cm. 0aWiley series in probability and mathematical statistics. aIntroduction (Page- 1), The Original Mixture Problems Designs and Models for Exploring the Entire Simple Factor Space (Page-21), The Use of Independent Variables (Page-99), Multiple Constraints on the Components Proportions (Page-139), The Analysis of Mixture Data (Page-228), Other Mixture Model Forms (Page-290), The Inclusion of Variables in Mixture Experiments (Page-352), Additional Topics (Page-436), Matrix Algebra Least Squares and the Analysis of Variance (Page-503), Data Stets from Mixture Experiments with Partial Solutions (Page-522).  0aExperimental design. 0aMixturesxStatistical methods.423Contributor biographical informationuhttp://www.loc.gov/catdir/enhancements/fy0607/89029716-b.html423Publisher descriptionuhttp://www.loc.gov/catdir/description/wiley031/89029716.html423Table of Contents onlyuhttp://www.loc.gov/catdir/toc/onix01/89029716.html